000
00274nam a22001337a 4500
020
_a
3187466-175
041
_a
ENG
100
_a
Jain
245
_a
Engineering Chemistry
260
_a
pune
_b
Dhanpat Rai PUB
_c
1999
300
_a
952
650
_a
EOES
856
_u
Chemistry
999
_c
339
_d
339